书目信息 |
| 题名: |
从百年征程看初心和使命
|
|
| 作者: | 李忠杰 著 | |
| 分册: | ||
| 出版信息: | 北京 人民出版社 2018.06 |
|
| 页数: | 319页 | |
| 开本: | 24cm | |
| 丛书名: | ||
| 单 册: | ||
| 中图分类: | D261.42 | |
| 科图分类: | ||
| 主题词: | ||
| 电子资源: | ||
| ISBN: | 978-7-01-019396-0 | |
| 000 | 00947nam0 2200229 450 | |
| 001 | 2047029889 | |
| 005 | 20201106130356.29 | |
| 010 | @a978-7-01-019396-0@dCNY59.00 | |
| 100 | @a20180717d2018 em y0chiy50 ea | |
| 101 | 0 | @achi |
| 102 | @aCN@b110000 | |
| 105 | @ay z 000yy | |
| 200 | 1 | @a从百年征程看初心和使命@Acong bai nian zheng cheng kan chu xin he shi ming@f李忠杰著 |
| 210 | @a北京@c人民出版社@d2018.06 | |
| 215 | @a319页@d24cm | |
| 314 | @a李忠杰, 原中共中央党史研究室副主任, 十二届全国政协委员。 | |
| 330 | @a本书用中国共产党成立以来将近100年的历史事实, 说明中国共产党人的初心和使命, 就是为中国人民谋幸福, 为中华民族谋复兴。内容包括: 为历史担使命 —— 伟大起点, 历史初心 ; 为人民求解放 —— 人民革命, 奋斗牺牲等。 | |
| 601 | 02 | @a中国共产党@Azhong guo gong chan dang@x党员@x思想政治教育@j学习参考资料 |
| 690 | @aD261.42@v5 | |
| 701 | 0 | @a李忠杰@Ali zhong jie@4著 |
| 801 | 0 | @aCN@b人天书店@c20201024 |
| 905 | @aZUCC@dD261.42@eL342 | |
| 从百年征程看初心和使命/李忠杰著.-北京:人民出版社,2018.06 |
| 319页;24cm |
| ISBN 978-7-01-019396-0:CNY59.00 |
| 本书用中国共产党成立以来将近100年的历史事实, 说明中国共产党人的初心和使命, 就是为中国人民谋幸福, 为中华民族谋复兴。内容包括: 为历史担使命 —— 伟大起点, 历史初心 ; 为人民求解放 —— 人民革命, 奋斗牺牲等。 |
| ● |
| 相关链接 |
|
|
|
正题名:从百年征程看初心和使命
索取号:D261.42/L342
 
预约/预借
| 序号 | 登录号 | 条形码 | 馆藏地/架位号 | 状态 | 备注 |
| 1 | 1482224 | 214822245 | 社科库509/509社科库 69排5列4层/ [索取号:D261.42/L342] | 在馆 | |
| 2 | 1482225 | 214822254 | 社科库509/509社科库 69排5列4层/ [索取号:D261.42/L342] | 在馆 | |
| 3 | 1482226 | 214822263 | 社科库509/509社科库 69排5列4层/ [索取号:D261.42/L342] | 在馆 |